Энергоинформационные основы устойчивого развития (Запись № 4457909)

Подробности
000 -МАРКЕР
контрольное поле 01716nam0a2200325 4500
001 - ИДЕНТИФИКАТОР ЗАПИСИ
контрольное поле RU\NLR\bibl\2022891
005 - ИДЕНТИФИКАТОР ВЕРСИИ
контрольное поле 20260406053339.0
010 ## - МЕЖДУНАРОДНЫЙ СТАНДАРТНЫЙ НОМЕР КНИГИ (ISBN)
Номер (ISBN) 5-98420-017-1
Тираж 500
035 ## - ДРУГИЕ СИСТЕМНЫЕ НОМЕРА
Идентификатор записи (NLR Aleph) 002011058
100 ## - ДАННЫЕ ОБЩЕЙ ОБРАБОТКИ
Данные общей обработки 20130205d2005 |||y0rusy50 ca
101 0# - ЯЗЫК РЕСУРСА
Язык текста, звукозаписи и т.д. русский
102 ## - СТРАНА ПУБЛИКАЦИИ ИЛИ ПРОИЗВОДСТВА
Страна публикации Российская Федерация
105 ## - ПОЛЕ КОДИРОВАННЫХ ДАННЫХ: ТЕКСТОВЫЕ МАТЕРИАЛЫ, МОНОГРАФИЧЕСКИЕ
Кодированные данные о монографическом текстовом документе a |||||||||
200 1# - ЗАГЛАВИЕ И СВЕДЕНИЯ ОБ ОТВЕТСТВЕННОСТИ
Основное заглавие Энергоинформационные основы устойчивого развития
Сведения, относящиеся к заглавию (на примере российских регионов)
Первые сведения об ответственности В.В. Бушуев, В.С. Голубев, Ю.Г. Селюков
Последующие сведения об ответственности Гос. учреждение "Ин-т энерг. стратегии", Ин-т глобал. пробл. энергоэффективности и экологии
210 ## - ПУБЛИКАЦИЯ, РАСПРОСТРАНЕНИЕ И ДР.
Место издания, распространения и т.д. Москва
Имя издателя, распространителя и т. д. ИАЦ "Энергия"
Дата издания, распространения и т.д. 2005
215 ## - ФИЗИЧЕСКАЯ ХАРАКТЕРИСТИКА
Специфическое обозначение материала и объем 60 с.
Другие сведения о физической характеристике ил.
Размеры 20
225 1# - СЕРИЯ
Основное заглавие серии Энергетика в глобальной системе природа - общество - человек
320 ## - ПРИМЕЧАНИЯ О НАЛИЧИИ В ДОКУМЕНТЕ БИБЛИОГРАФИИ / УКАЗАТЕЛЯ
Текст примечания Библиогр.: с. 57 (11 назв.)
606 1# - НАИМЕНОВАНИЕ ТЕМЫ КАК ПРЕДМЕТ
Наименование темы Устойчивого развития концепция
Географический подзаголовок Российская Федерация
Системный номер авторитетной/нормативной записи 2270123
Идентификатор авторитетной/нормативной записи RU\NLR\auth\661360677
686 ## - ИНДЕКСЫ ДРУГИХ КЛАССИФИКАЦИЙ
Индекс У9(2)-961-314(2Р)
700 #1 - ИМЯ ЛИЦА - ПЕРВИЧНАЯ ОТВЕТСТВЕННОСТЬ
Код отношения Автор
Начальный элемент ввода Бушуев
Часть имени, кроме начального элемента ввода В. В.
Дополнения к именам, кроме дат д-р техн. наук
Даты 1939-
Расширение инициалов личного имени Виталий Васильевич
Идентификатор авторитетной/нормативной записи RU\NLR\auth\778123
Системный номер авторитетной/нормативной записи 118041
701 #1 - ИМЯ ЛИЦА - АЛЬТЕРНАТИВНАЯ ОТВЕТСТВЕННОСТЬ
Код отношения Автор
Материалы, к которым относится поле rus
Графика поля Кириллица
Начальный элемент ввода Голубев
Часть имени, кроме начального элемента ввода В. С.
Дополнения к именам, кроме дат д-р геол.-минерал. наук
Даты 1936-
Расширение инициалов личного имени Владимир Степанович
Идентификатор авторитетной/нормативной записи RU\NLR\auth\7743757
Системный номер авторитетной/нормативной записи 26700
701 #1 - ИМЯ ЛИЦА - АЛЬТЕРНАТИВНАЯ ОТВЕТСТВЕННОСТЬ
Начальный элемент ввода Селюков
Часть имени, кроме начального элемента ввода Ю. Г.
Код отношения Автор
801 #0 - ИСТОЧНИК ЗАПИСИ
Страна Российская Федерация
Организация NLR
Дата составления 20130205
Правила каталогизации RCR
801 #1 - ИСТОЧНИК ЗАПИСИ
Страна Российская Федерация
Организация NLR
Дата составления 20130205
830 ## - ОБЩЕЕ ПРИМЕЧАНИЕ, СОСТАВЛЕННОЕ КАТАЛОГИЗАТОРОМ
Текст примечания авт. по базе
942 ## - ДОПОЛНИТЕЛЬНЫЕ ЭЛЕМЕНТЫ ЗАПИСИ (АБИС)
Тип экземпляра АБИС Книга
980 ## - КОЛЛЕКЦИЯ
Название коллекции Национальная библиография
Экземпляры
Тип экземпляра Дата поступления Источник поступления Стоимость Библиотека постоянного хранения Библиотека текущего хранения Место хранения Шифр хранения Штрих-код Статус экземпляра
Книга 11.04.2013 Покупка 181.00 РНБ (Московский) РНБ (Московский) Русский книжный фонд: издания с 1957 года 2013-4/3785 3866116  
Книга 11.04.2013 Покупка 181.00 РНБ (Московский) РНБ (Московский) Русский книжный фонд: издания с 1957 года 2013-4/3785 3866117